Suomen kunnat pelkillä vokaaleilla - Statistics

Yleistilastot
  • Tätä visaa on pelattu 733 kertaa
  • Keskiarvotulos 188 / 309
Vastaustilastot
Vastaus % Oikein
Ii
95%
Vihti
95%
Jämsä
92%
Kemi
92%
Lemi
92%
Salla
92%
Sund
91%
Akaa
90%
Hammarland
90%
Mäntsälä
90%
Vaala
90%
Vaasa
90%
Vantaa
90%
Lahti
89%
Saltvik
89%
Brändö
88%
Hanko
88%
Koski Tl
88%
Loppi
88%
Pori
88%
Salo
88%
Vårdö
88%
Pello
87%
Perho
87%
Tervo
87%
Turku
87%
Kannus
86%
Masku
86%
Forssa
85%
Kökar
85%
Korsnäs
85%
Kotka
85%
Lohja
85%
Ähtäri
84%
Finström
84%
Föglö
84%
Kaavi
84%
Simo
84%
Virrat
84%
Iitti
83%
Kuhmo
83%
Muhos
83%
Rusko
83%
Geta
82%
Hamina
82%
Harjavalta
82%
Janakkala
82%
Kangasala
82%
Karkkila
82%
Karvia
82%
Lemland
82%
Marttila
82%
Nakkila
82%
Sastamala
82%
Tampere
82%
Aura
81%
Halsua
81%
Hattula
81%
Karstula
81%
Lapua
81%
Ranua
81%
Rauma
81%
Kittilä
80%
Liminka
80%
Pälkäne
79%
Raahe
79%
Alajärvi
78%
Hankasalmi
78%
Kajaani
78%
Kärsämäki
78%
Lappajärvi
78%
Maalahti
78%
Naantali
78%
Rantasalmi
78%
Utsjoki
78%
Espoo
77%
Sysmä
77%
Juva
76%
Helsinki
75%
Kolari
75%
Nokia
75%
Evijärvi
74%
Humppila
74%
Iisalmi
74%
Imatra
74%
Kemijärvi
74%
Kivijärvi
74%
Kurikka
74%
Lestijärvi
74%
Merijärvi
74%
Multia
74%
Nivala
74%
Pirkkala
74%
Posio
74%
Pukkila
74%
Reisjärvi
74%
Ristijärvi
74%
Tornio
74%
Ulvila
74%
Vesilahti
74%
Kaarina
73%
Paltamo
73%
Parkano
73%
Juuka
72%
Äänekoski
71%
Eura
71%
Liperi
71%
Luhanka
71%
Lumparland
71%
Mikkeli
71%
Oulu
71%
Raasepori
71%
Sievi
71%
Sulkava
71%
Teuva
71%
Urjala
71%
Vimpeli
71%
Kerava
70%
Tammela
70%
Vehmaa
70%
Alavus
69%
Hollola
69%
Kokkola
69%
Lieksa
69%
Pornainen
69%
Pyhäntä
69%
Pyhtää
69%
Tyrnävä
69%
Varkaus
69%
Ypäjä
69%
Myrskylä
68%
Porvoo
67%
Askola
66%
Hartola
66%
Jämijärvi
66%
Kärkölä
66%
Kuopio
66%
Kuusamo
66%
Lapinjärvi
66%
Lapinlahti
66%
Muonio
66%
Parainen
66%
Asikkala
64%
Eckerö
64%
Parikkala
64%
Inkoo
63%
Jyväskylä
63%
Kauhava
63%
Laukaa
63%
Sipoo
63%
Jomala
62%
Enontekiö
61%
Eurajoki
61%
Heinola
61%
Hyrynsalmi
61%
Inari
61%
Joutsa
61%
Kankaanpää
61%
Kyyjärvi
61%
Rovaniemi
61%
Sottunga
61%
Ylöjärvi
61%
Kempele
60%
Loimaa
60%
Oripää
60%
Toivakka
60%
Kitee
59%
Sauvo
59%
Soini
59%
Hämeenlinna
58%
Ilomantsi
58%
Joensuu
58%
Mynämäki
58%
Pyhäjärvi
58%
Virolahti
58%
Alavieska
57%
Hyvinkää
57%
Lappeenranta
57%
Riihimäki
57%
Siilinjärvi
57%
Ylivieska
57%
Kalajoki
56%
Luoto
56%
Padasjoki
56%
Pudasjärvi
55%
Utajärvi
55%
Uusikaupunki
55%
Närpiö
54%
Säkylä
54%
Kouvola
53%
Keminmaa
52%
Luumäki
52%
Maarianhamina
52%
Nurmijärvi
52%
Orivesi
52%
Polvijärvi
52%
Ikaalinen
51%
Nurmes
51%
Savonlinna
51%
Seinäjoki
51%
Hausjärvi
50%
Järvenpää
50%
Rautjärvi
50%
Ylitornio
50%
Paimio
49%
Raisio
49%
Siikalatva
49%
Haapajärvi
47%
Hämeenkyrö
47%
Joroinen
47%
Sonkajärvi
47%
Tohmajärvi
47%
Tuusula
47%
Huittinen
46%
Kauhajoki
46%
Kristiinankaupunki
46%
Laihia
46%
Laitila
46%
Oulainen
46%
Uusikaarlepyy
46%
Juupajoki
45%
Kemiönsaari
45%
Savukoski
45%
Enonkoski
44%
Haapavesi
44%
Heinävesi
44%
Kauniainen
44%
Kuhmoinen
44%
Pyhäjoki
44%
Jokioinen
43%
Orimattila
43%
Sodankylä
43%
Taivalkoski
43%
Tuusniemi
43%
Hailuoto
42%
Ilmajoki
42%
Outokumpu
42%
Pelkosenniemi
42%
Sotkamo
42%
Kaskinen
41%
Lempäälä
41%
Loviisa
41%
Mänttä-Vilppula
41%
Pyhäranta
41%
Tervola
41%
Isojoki
40%
Kannonkoski
40%
Pomarkku
40%
Rääkkylä
40%
Valkeakoski
40%
Vöyri
40%
Keuruu
39%
Kirkkonummi
39%
Mäntyharju
39%
Miehikkälä
39%
Pietarsaari
39%
Ruokolahti
39%
Toholampi
39%
Veteli
39%
Hirvensalmi
38%
Isokyrö
38%
Kihniö
38%
Kinnula
38%
Kokemäki
38%
Kruunupyy
38%
Kuortane
38%
Kustavi
38%
Muurame
38%
Rautavaara
38%
Ruovesi
38%
Savitaipale
38%
Siikajoki
38%
Suomussalmi
38%
Uurainen
38%
Vesanto
38%
Vieremä
38%
Lumijoki
37%
Merikarvia
37%
Pieksämäki
37%
Pöytyä
37%
Puumala
37%
Rautalampi
37%
Saarijärvi
37%
Karijoki
36%
Kiuruvesi
36%
Pielavesi
36%
Pihtipudas
36%
Puolanka
36%
Siuntio
36%
Suonenjoki
36%
Taivassalo
36%
Viitasaari
36%
Mustasaari
35%
Kaustinen
34%
Keitele
34%
Leppävirta
34%
Siikainen
34%
Somero
34%
Taipalsaari
34%
Kangasniemi
33%
Kontiolahti
33%
Konnevesi
32%
Lieto
31%
Pedersören kunta
31%
Pertunmaa
31%
Petäjävesi
31%
Punkalaidun
31%
Nousiainen
30%
Kumlinge
27%
Ehtoja vastaavia visoja ei löytynyt
Tulosjakauma
Jokaisen tuloksen saaneiden osuus
Persentiili vastausten määrän mukaan
Tuloshistoriasi
Et ole pelannut tätä visaa